000 00649cam a22002291a 4500
001 ne 66001071
003 DLC
005 20260227111824.0
008 851212s1966 le 000 0 ara c
010 _ane 66001071
035 _a(OCoLC)12898536
040 _aPrinceton Univ. Libr.
_cWaU
_dWaU
_dDLC
042 _apremarc
050 0 0 _aHX550.I8
_bA88
100 1 _aʻAwf, Bashīr.
245 1 0 _aIshtirākīyatuhum wa-Islāmunā /
_cBashīr al-ʻAwf.
250 _aal-Ṭabʻah 1.
260 _aBayrūt :
_bMuʼassasat al-Intāj al-Ṭibāʻī,
_c1966.
300 _a158 p. ;
_c21 cm.
650 0 _aSocialism.
650 0 _aSocialism and Islam.
999 _c48949
_d48949